Vybrané aspekty dosahovania nerovnovážnej obchodnej bilancie produktov z chovu oviec

Salvato in:
Dettagli Bibliografici
Autore principale: Hudáková, Ivana, 1976-
Natura: Capitolo di libro
Lingua:slovacco
Tags: Aggiungi Tag
Nessun Tag, puoi essere il primo ad aggiungerne!!

MARC

LEADER 00000naa$a2200000$$$4500
001 0175435
005 20240502073007.4
041 0 |a slo 
044 |a SK 
245 1 0 |a Vybrané aspekty dosahovania nerovnovážnej obchodnej bilancie produktov z chovu oviec  |c Ivana Hudáková 
100 1 |a Hudáková, Ivana, 1976-